• 首页
  • 本馆介绍
  • 公告通知
  • 最新文献
  • 馆藏检索
  • 电子资源
  • 读者导购
  • 参考咨询
  • 我的图书馆
  • 登录
  • 详细信息显示
  • 放入我的书架
  • 预约/预借图书
  • 作者相关作品
  • 分类相关作品
  • 丛书相关作品
  • 出版社相关作品

书目信息

  • 表格格式
  • 工作单格式
  • 卡片格式
题名:
堂吉诃德
    
 
作者: 塞万提斯·萨维德拉 著 ;罗钰 译
分册:  
出版信息: 北京   北京理工大学出版社  2014
页数: 375页
开本: 24cm
丛书名:
单 册:
中图分类: I551.43
科图分类:
主题词: 长篇小说--西班牙--中世纪 , 长篇小说
电子资源:
ISBN: 978-7-5640-7797-6
000 00805nam0 2200253 450
001 2340866556
005 20231110095925.80
010    @a978-7-5640-7797-6@dCNY67.00
090    @aI551.43@bswt
100    @a20140429d2014 em y0chiy50 ea
101 1  @achi@cspa
102    @aCN@b110000
105    @ay z 000ay
200 1  @a堂吉诃德@Atang ji he de@f(西)塞万提斯著@g罗钰译
210    @a北京@c北京理工大学出版社@d2014
215    @a375页@d24cm
300    @a哈佛百年经典 16卷/(美)查尔斯·艾略特主编
606 0  @a长篇小说@y西班牙@z中世纪
606 0  @a长篇小说
690    @aI551.43@v5
701  0 @c(西)@a塞万提斯·萨维德拉@Asai wan ti si·sa wei de la@c(Cervantes Saavedra, Miguel de@f1547~1616)@4著
702  0 @a罗钰@Aluo yu@c(女)@4译
801  0 @aCN@b安徽时代@c20230923
905    @aBZT@dI551.43@e13
    
    堂吉诃德/(西)塞万提斯著/罗钰译.-北京:北京理工大学出版社,2014
    375页;24cm
    哈佛百年经典 16卷/(美)查尔斯·艾略特主编
    
    ISBN 978-7-5640-7797-6:CNY67.00
    
●
相关链接 在五车中查询图书 在当当中查询图书 在豆瓣中查询图书


正题名:堂吉诃德     索取号:I551.43/13         预约/预借

序号 登录号 条形码 馆藏地/架位号 状态 备注
1 2000928941   2000928941   315书库/四37架A面4层5列/ [索取号:I551.43/13] 在馆    
2 2000928942   2000928942   315书库/四37架A面4层5列/ [索取号:I551.43/13] 在馆    
3 2000928943   2000928943   315书库/四37架A面4层5列/ [索取号:I551.43/13] 在馆    
4 2000928944   2000928944   315书库/四37架A面4层5列/ [索取号:I551.43/13] 在馆    
5 2000928945   2000928945   315书库/四37架A面5层5列/ [索取号:I551.43/13] 在馆    
6 2000928946   2000928946   315书库/四37架A面5层5列/ [索取号:I551.43/13] 在馆    
山东省滨州职业学院图书馆 欢迎您!
大连网信软件有限公司© 版权所有